000 00265nam a22001217a 4500
008 180224b xxu||||| |||| 00| 0 eng d
041 _aeng
080 _a612.39
100 _a10
101 _aSHU
245 _aSemanee Cook Book
_cWashington, G.A
942 _2udc
_cBK
999 _c43377
_d43377